Score 0/17 Timer 01:30
0 Plays Today
% Correct
Lois
96.9%
Meg
96.5%
Peter
96.4%
Stewie
96.4%
Brian
96.3%
Cliff
95%
Chris
93.9%
Clair
93.7%
Theo
93.6%
% Correct
D.J.
92.9%
Rudy
92.6%
Danny
92.5%
Vanessa
92.4%
Denise
91.7%
Sondra
91%
Stephanie
89.8%
Michelle
88.4%

You're not logged in!

Compare scores with friends on all Sporcle quizzes.
OR
Log In

Sporcle TV

Today on Sporcle TV


Watch our educational content, quiz creation guides, and fun videos on Sporcle TV.

Show Comments

Extras

Top Quizzes Today


Score Distribution

Paid Content

Your Account Isn't Verified!

In order to create a playlist on Sporcle, you need to verify the email address you used during registration. Go to your Sporcle Settings to finish the process.

Report this User

Report this user for behavior that violates our Community Guidelines.

Details: